Loading...
| Science - Physics | 0 | 7 | 1 | 0 | 65 | 15 | 64.71 | 3 | 6 | 0.00 | 0.00 |
| Science - Chemistry | 0 | 6 | 2 | 1 | 50 | 14 | 58.83 | 3 | 5 | 0.00 | 0.00 |
| Science - Biology | 0 | 4 | 0 | 0 | 40 | 80 | 88.50 | 0 | 2 | 0.00 | 0.00 |
| Science - Other | 0 | 4 | 3 | 1 | 25 | 40 | 71.25 | 3 | 4 | 0.00 | 0.00 |
| Fine Arts - Classical Music | 0 | 2 | 0 | 0 | 20 | 91 | 105.00 | 0 | 0 | 0.00 | 0.00 |
| Philosophy | 0 | 2 | 0 | 0 | 20 | 99 | 109.50 | 0 | 0 | 0.00 | 0.00 |
| Mythology | 0 | 1 | 0 | 0 | 10 | 117 | 117.00 | 0 | 0 | 0.00 | 0.00 |
| Literature - American | 0 | 1 | 0 | 0 | 10 | 34 | 34.00 | 1 | 1 | 0.00 | 0.00 |
| Social Science | 0 | 1 | 0 | 1 | 10 | 110 | 110.00 | 0 | 0 | 0.00 | 0.00 |